00230nam a2200097Ia 4500008004100000041000800041082001200049100001300061245003000074260002800104231212s1997 xx 000 0 und d aeng a660.283 aKvo B.C. aAutomatic Control Systems aNew YorkbJohn Wec1997